01574nam a2200373 a 4500001001000000003000500010005001700015008004100032010001100073011001100084040000900095090001000104100004000114245016300154260004100317500006000358502008500418590004100503590004000544590004000584590004000624650002200664650003100686650003100717650003300748650003100781856007000812901000700882942001000889942000600899999001900905952014000924952013601064000111103CHAP20220329144158.0141203s2014 mx fsm |||||||spa d a107565 a108537 cCHAP aTesis1 aIbarra Sánchez, Alejandro912891210aEndogamia y predicción de sintéticos derivados de mezclas de líneas, cruzas dobles, trilineales y simplesh[En línea]cpor Alejandro Ibarra Sánchez. aChapingo, Méx. :bEl autor,c2014. aPara ver el contenido del material haga clic en la liga aTesis (Agrónomo en Horticultura Protegida) -- UACH. Departamento de Fitotecnia aE11695DGDb10c20141207lUCH01h1353 aE5995AHEb05c20141203lUCH01h1106 aE5995AHEb05c20141203lUCH01h1106 aE5995AHEb05c20141203lUCH01h143514aEndogamia.93687314aMaízxGenética.97096314aMaízxHíbridos.97097414aMaízxMejoramiento.97100614aMaízxVariedades.971081 aFinding aiduhttp://10.13.5.2/tesis/sist111103.pdfzTeclea aquí aBK cTESIS n0 c107565d107565 00102local4053708TESISaBCbBCcPA_TESISd2014-12-03fTESISl0oTesisp33724002438223r2019-12-31 00:00:00tc.2w2019-12-31yTESIS 00104054718TESISaBCbBCd2014-12-03fTESISl0oTesisp33724002438264r2019-12-31 00:00:00w2019-12-31yTESISzRecien adquirido